[Event "AUTO-MASTER-1280"]
[Site "http://www.queenalice.com/game.php?id=863782"]
[Date "2010.11.26"]
[Round "1"]
[White "Raimundo"]
[Black "trompmaster"]
[Result "0-1"]
[WhiteElo "2141"]
[BlackElo "2228"]

1. d4 d6 2. c4 Nf6 3. Nc3 g6 4. g3 Bg7 5. e4 O-O 6. Bg2 a6 7. Nge2 Nc6 8. d5 Ne5
9. b3 Bg4 10. O-O Nf3+ 11. Bxf3 Bxf3 12. Qd3 Bxe4 13. Nxe4 Nxe4 14. Rb1 Nc5 15.
Qf3 Nd7 16. Bb2 Bxb2 17. Rxb2 Ne5 18. Qc3 Qd7 19. Rd2 Qf5 20. Nd4 Qh3 21. Re2
Rfe8 22. f4 Ng4 23. Qb4 Rab8 24. Qd2 Qh6 25. Rfe1 Kf8 26. Nf3 Qg7 27. Kg2 Nh6
28. h3 Ng8 29. Qa5 Rbc8 30. Qb4 Rb8 31. Qd2 h5 32. f5 gxf5 33. Nh4 Qf6 34. Qa5
Rbc8 35. Qb4 Rb8 36. Qd2 Nh6 37. Qf4 e5 38. dxe6 fxe6 39. Qf3 Qf7 40. Qe3 Kg7
41. c5 e5 42. cxd6 cxd6 43. Rd1 Qf6 44. Qf3 e4 45. Qf4 Re5 46. Rc2 Rbe8 47. Qe3
d5 48. Rc5 Qd8 49. Rdc1 Nf7 50. Rc7 R8e7 51. Qb6 Rxc7 52. Rxc7 Qf6 53. Qe3 b5
54. Rd7 Kg8 55. a4 bxa4 56. bxa4 Kg7 57. Kh2 Kg8 58. Kg2 Kg7 59. Kh2 Kg8 60. Ng2
Ng5 61. Qd4 Nf3+ 0-1

[Event "AUTO-MASTER-1280"]
[Site "http://www.queenalice.com/game.php?id=863783"]
[Date "2010.11.26"]
[Round "1"]
[White "trompmaster"]
[Black "Raimundo"]
[Result "1-0"]
[WhiteElo "2218"]
[BlackElo "2151"]

1. d4 d5 2. e3 c6 3. Bd3 e6 4. Nf3 Bd6 5. O-O Nf6 6. Nbd2 O-O 7. b3 b6 8. Qe2
Nbd7 9. Bb2 c5 10. Ne5 cxd4 11. exd4 Bb7 12. f4 Rc8 13. Rae1 Bb4 14. Rd1 Ne4 15.
Nxe4 dxe4 16. Bxe4 Bxe4 17. Qxe4 Nxe5 18. dxe5 Qe7 19. c4 Bc5+ 20. Kh1 a6 21.
Rd3 Rfd8 22. Rfd1 h6 23. Bd4 b5 24. Bxc5 Rxd3 25. Qxd3 Qxc5 26. cxb5 axb5 27.
Qd2 b4 28. h3 Qc2 29. Kh2 h5 30. Qe1 Qxa2 31. Qxb4 Rc2 32. Rd8+ Kh7 33. Qe4+ g6
34. Qb7 Kg7 35. Rd7 Rxg2+ 36. Qxg2 Qxb3 37. Rb7 Qc4 38. Qf3 Qc5 39. Rd7 Qb5 40.
Qd3 Qc6 41. Rd8 Qb6 42. Qd2 Qc6 43. Qb4 Qc2+ 44. Rd2 Qc1 45. Rg2 Qe3 46. Qd2 Qe4
47. Qf2 Qa4 48. Qg3 Qd4 49. Qg5 Kh7 50. Qf6 Qd7 51. Rf2 Qb7 52. Rg2 Qd7 53. Kg3
Qb7 54. Rf2 Qa7 55. Re2 Qa3+ 56. Kh4 Qf8 57. Rd2 Qg7 58. Qxg7+ Kxg7 59. Kg5 Kf8
60. Kf6 Ke8 61. h4 Kf8 62. Rd8# 1-0

[Event "AUTO-MASTER-1280"]
[Site "http://www.queenalice.com/game.php?id=863784"]
[Date "2010.11.26"]
[Round "1"]
[White "Raimundo"]
[Black "LAIRE"]
[Result "1-0"]
[WhiteElo "2145"]
[BlackElo "1940"]

1. d4 e6 2. c4 f5 3. Nf3 Nf6 4. g3 Be7 5. Nc3 O-O 6. Bg2 c6 7. O-O d5 8. cxd5
exd5 9. Bf4 Nbd7 10. Ne5 Ne4 11. Nxe4 fxe4 12. f3 exf3 13. Bxf3 g5 14. Nxd7 Bxd7
15. Be5 Bh3 16. Bg2 Bxg2 17. Kxg2 Rxf1 18. Qxf1 Qf8 19. g4 Qxf1+ 20. Rxf1 Rf8
21. Rxf8+ Kxf8 22. e4 Kf7 23. exd5 cxd5 24. Kf3 Ke6 25. Bb8 a6 26. Be5 Kd7 27.
Ke3 Kc6 28. Bg3 1-0

[Event "AUTO-MASTER-1280"]
[Site "http://www.queenalice.com/game.php?id=863785"]
[Date "2010.11.26"]
[Round "1"]
[White "LAIRE"]
[Black "Raimundo"]
[Result "0-1"]
[WhiteElo "1948"]
[BlackElo "2139"]

1. d4 d5 2. c4 c6 3. Nf3 Bf5 4. cxd5 cxd5 5. Nc3 h6 6. Qb3 Nc6 7. Qxd5 Qxd5 8.
Nxd5 O-O-O 9. Ne3 Be4 10. d5 Bxd5 11. Nxd5 Rxd5 12. e4 Rd7 13. Bb5 e6 14. Bxc6
bxc6 15. Ne5 Rc7 16. Be3 Bd6 17. Nd3 Rd7 18. O-O-O e5 19. Nc5 Bxc5 20. Bxc5 Nf6
21. f3 Kc7 22. a3 a5 23. Rxd7+ Nxd7 24. Be3 a4 25. Kc2 Rb8 26. Rd1 c5 27. Rd3
Kc6 28. b3 axb3+ 0-1

[Event "AUTO-MASTER-1318"]
[Site "http://www.queenalice.com/game.php?id=884355"]
[Date "2011.1.11"]
[Round "1"]
[White "alainbouley"]
[Black "Raimundo"]
[Result "0-1"]
[WhiteElo "2048"]
[BlackElo "2162"]

1. d4 c6 2. e4 d5 3. Nc3 e6 4. e5 Nd7 5. Nf3 c5 6. Be3 cxd4 7. Bxd4 Bc5 8. Bb5
Bxd4 9. Qxd4 a6 10. Bd3 Ne7 11. O-O O-O 12. Rfe1 Qb6 13. b3 Nc6 14. Qh4 g6 15.
Ng5 h5 16. Na4 Qb4 17. f4 b5 18. c3 Qe7 19. Nb2 Bb7 20. Qg3 Qc5+ 21. Qf2 Qxc3
22. Rac1 Qa5 23. a4 Rfc8 24. Bxg6 fxg6 25. Nxe6 Qb6 26. Re3 Nb4 27. Rf1 Qxe6 28.
Rh3 Rc2 29. Qg3 Rxb2 30. Rxh5 Qb6+ 31. Kh1 d4 32. f5 Bxg2+ 33. Kg1 d3+ 34. Rf2
d2 0-1

[Event "AUTO-MASTER-1318"]
[Site "http://www.queenalice.com/game.php?id=884356"]
[Date "2011.1.11"]
[Round "1"]
[White "Raimundo"]
[Black "alainbouley"]
[Result "1-0"]
[WhiteElo "2171"]
[BlackElo "1976"]

1. d4 d5 2. Nf3 Nc6 3. e3 Nf6 4. c4 e6 5. Nc3 Bb4 6. Qb3 O-O 7. Be2 dxc4 8. Bxc4
Qe7 9. O-O Na5 10. Qc2 Nxc4 11. a3 Bxc3 12. Qxc3 b5 13. a4 Nd5 14. Qb3 Qb4 15.
Qxb4 Nxb4 16. axb5 Bd7 17. b3 Nd6 18. Ba3 Nc2 19. Bxd6 cxd6 20. Ra5 Nb4 21. Ng5
f5 22. Rfa1 Bc8 23. Rxa7 Rb8 24. Rc1 Nd5 25. e4 fxe4 26. Nxe4 Rxb5 27. Nxd6 Rb8
28. g3 Rd8 29. Nf7 Rd7 30. Rxc8+ Rxc8 31. Rxd7 Rc1+ 32. Kg2 Rd1 33. Ng5 h6 34.
Nxe6 Nf6 35. Rxg7+ Kh8 36. Rg6 Ng8 37. b4 Rb1 38. d5 Rxb4 39. d6 Rb7 40. Nc5 Rb8
41. d7 Kh7 42. Re6 h5 43. Re8 1-0

[Event "AUTO-MASTER-1318"]
[Site "http://www.queenalice.com/game.php?id=884367"]
[Date "2011.1.11"]
[Round "1"]
[White "Buuuu"]
[Black "Raimundo"]
[Result "0-1"]
[WhiteElo "2110"]
[BlackElo "2132"]

1. e4 c6 2. d4 d5 3. e5 Bf5 4. Nc3 e6 5. g4 Bg6 6. Nge2 h6 7. Be3 Nd7 8. h4 c5
9. dxc5 Bxc5 10. Bxc5 Nxc5 11. Nd4 a6 12. f4 Ne4 13. f5 Nxc3 14. bxc3 exf5 15.
gxf5 Bh7 16. e6 Nf6 17. Bd3 Qc7 18. exf7+ Kxf7 19. Qd2 Ne4 20. Bxe4 dxe4 21.
O-O-O Rac8 22. Rh3 Qe5 23. Rf1 Rhd8 24. Qe3 Kf6 25. Rf4 Rxc3 0-1

[Event "AUTO-MASTER-1318"]
[Site "http://www.queenalice.com/game.php?id=884368"]
[Date "2011.1.11"]
[Round "1"]
[White "Raimundo"]
[Black "Buuuu"]
[Result "1-0"]
[WhiteElo "2153"]
[BlackElo "2040"]

1. d4 Nf6 2. c4 c5 3. e3 e6 4. Nf3 b6 5. b3 Bb7 6. Bb2 Qc7 7. Nbd2 Be7 8. Bd3 g5
9. O-O g4 10. Ne1 h5 11. e4 d6 12. e5 dxe5 13. dxe5 Nfd7 14. f4 Nc6 15. Ne4
O-O-O 16. Nc2 Rhg8 17. Qe2 h4 18. Rad1 h3 19. Nd6+ Bxd6 20. exd6 Qxd6 21. Bh7
Qf8 22. Bxg8 Qxg8 23. g3 Ne7 24. Ne3 Bf3 25. Rxf3 gxf3 26. Qxf3 Kc7 27. Qh5 Nc6
28. Qxh3 Qg6 29. Qg2 f5 30. a3 Rg8 31. b4 cxb4 32. axb4 Nxb4 33. Qd2 1-0

[Event "AUTO-MASTER-1318"]
[Site "http://www.queenalice.com/game.php?id=884373"]
[Date "2011.1.11"]
[Round "1"]
[White "Braimondi"]
[Black "Raimundo"]
[Result "0-1"]
[WhiteElo "2066"]
[BlackElo "2143"]

1. e4 c6 2. d4 d5 3. Nc3 e6 4. Bd3 Nd7 5. Nf3 Bd6 6. e5 Bc7 7. Qe2 Ne7 8. Bg5
O-O 9. Nh4 h6 10. Qh5 f6 11. exf6 Nxf6 12. Bxf6 Rxf6 13. O-O Bd7 14. f4 Bxf4 15.
Qe2 Qb6 0-1

[Event "AUTO-MASTER-1318"]
[Site "http://www.queenalice.com/game.php?id=884374"]
[Date "2011.1.11"]
[Round "1"]
[White "Raimundo"]
[Black "Braimondi"]
[Result "0-1"]
[WhiteElo "2177"]
[BlackElo "2134"]

1. d4 Nf6 2. c4 c5 3. e3 e6 4. Nf3 a6 5. Nc3 d5 6. cxd5 Nxd5 7. dxc5 Bxc5 8. Be2
O-O 9. O-O Nxc3 10. bxc3 Qe7 11. Nd4 Rd8 12. Qc2 e5 13. Nb3 Bd6 14. Bb2 Nc6 15.
Rad1 Be6 16. Rd2 Rac8 17. Rfd1 Bxb3 18. axb3 e4 19. Bg4 Ra8 20. Rd5 g6 21. c4
Nb4 22. Qd2 Nxd5 23. Qxd5 Bxh2+ 24. Kxh2 Rxd5 25. Rxd5 Qh4+ 26. Bh3 Qxf2 27. Bd4
Qc2 28. Re5 Qxb3 29. c5 a5 30. Re7 a4 31. Rxe4 a3 32. Rf4 a2 33. Rf1 Rd8 34. Ra1
Rxd4 0-1

[Event "Challenge"]
[Site "http://www.queenalice.com/game.php?id=893199"]
[Date "2011.1.30"]
[Round "-"]
[White "Arthur0007"]
[Black "Raimundo"]
[Result "1-0"]
[WhiteElo "2065"]
[BlackElo "2164"]

1. e4 c6 2. d4 d5 3. Nc3 dxe4 4. Nxe4 Bf5 5. f3 h6 6. h4 e6 7. Bd3 Nf6 8. Be3
Be7 9. g3 Nxe4 10. fxe4 Bh7 11. e5 Bxd3 12. Qxd3 O-O 13. O-O-O Qd5 14. Ne2 Nd7
15. c4 Qa5 16. Kb1 a6 17. Qc3 Qxc3 18. Nxc3 Nb6 19. b3 a5 20. d5 Nc8 21. d6 Bd8
22. c5 b6 23. d7 Ne7 24. cxb6 Rb8 25. Bc5 Rxb6 26. Bxb6 Bxb6 27. Rd3 Nd5 28.
Nxd5 cxd5 29. Rc1 Rd8 30. Rc8 Kh7 31. Rxd8 Bxd8 32. Rc3 Kg6 33. Rc8 Bb6 34. d8=Q
Bxd8 35. Rxd8 Kf5 36. Rf8 Kxe5 37. Rxf7 g5 38. h5 Ke4 39. Rf6 d4 40. Rxe6+ Kf3
41. Kc2 Kxg3 42. Rxh6 Kh4 43. Rh8 g4 44. h6 Kg5 45. h7 Kg6 46. Rg8+ Kxh7 47.
Rxg4 Kh6 48. Kd3 Kh5 49. Rg1 1-0

[Event "AUTO-MASTER-1359"]
[Site "http://www.queenalice.com/game.php?id=908101"]
[Date "2011.3.3"]
[Round "1"]
[White "eductx"]
[Black "Raimundo"]
[Result "1-0"]
[WhiteElo "2142"]
[BlackElo "2160"]

1. Nf3 c6 2. c4 d5 3. d4 Bf5 4. Nc3 h6 5. e3 Nf6 6. Bd3 Bxd3 7. Qxd3 e6 8. O-O
Bb4 9. c5 O-O 10. Bd2 Ba5 11. a3 Bc7 12. e4 dxe4 13. Nxe4 Nxe4 14. Qxe4 Nd7 15.
Rad1 Nf6 16. Qc2 Nd5 17. Ne5 Bxe5 18. dxe5 Qh4 19. f4 Qe7 20. b4 Qe8 21. Qb3 b6
22. Qg3 g6 23. f5 exf5 24. Bxh6 bxc5 25. Bxf8 Qxf8 26. b5 Qc8 27. bxc6 Qxc6 28.
Rxf5 Qe6 29. Rf2 Rf8 30. Rfd2 Nc7 31. Rd7 Qb6 32. R7d6 Qb5 33. h4 c4 34. h5 Ne8
35. Rd7 Qc5+ 36. Kh2 c3 37. hxg6 1-0

[Event "AUTO-MASTER-1359"]
[Site "http://www.queenalice.com/game.php?id=908102"]
[Date "2011.3.3"]
[Round "1"]
[White "Raimundo"]
[Black "eductx"]
[Result "0-1"]
[WhiteElo "2147"]
[BlackElo "2188"]

1. d4 d5 2. c4 e6 3. Nf3 Nf6 4. Bg5 c5 5. e3 Nc6 6. Nc3 Be7 7. dxc5 Bxc5 8. cxd5
exd5 9. a3 d4 10. Bxf6 gxf6 11. Nxd4 Nxd4 12. exd4 Qxd4 13. Qxd4 Bxd4 14. Bb5+
Ke7 15. Rc1 Be6 16. O-O a6 17. Bd3 Rad8 18. Be4 b5 19. b4 h5 20. Bb7 Rd6 21. Ne4
Rb6 22. Rfd1 Be5 23. Bc6 Rc8 24. Nc5 Rbxc6 25. Rd3 a5 26. Rcd1 axb4 27. axb4 Bf5
28. Re3 Kf8 29. g3 Bd6 30. Rd2 Bxc5 31. bxc5 Rxc5 32. Rb2 Bh3 33. f4 Rc1+ 34.
Kf2 R1c2+ 35. Re2 Bf5 36. Rbxc2 Rxc2 37. Rxc2 Bxc2 38. Ke2 b4 39. Kd2 b3 40. Kc3
f5 41. h3 Ke7 42. g4 fxg4 43. hxg4 hxg4 0-1

[Event "AUTO-MASTER-1359"]
[Site "http://www.queenalice.com/game.php?id=908113"]
[Date "2011.3.3"]
[Round "1"]
[White "Artking"]
[Black "Raimundo"]
[Result "1-0"]
[WhiteElo "1894"]
[BlackElo "2140"]

1. d4 c6 2. e4 d5 3. Nc3 dxe4 4. Nxe4 Bf5 5. Ng3 Bg6 6. h4 h6 7. h5 Bh7 8. Bc4
Nf6 9. Nf3 e6 10. Bf4 Be4 11. Nxe4 Nxe4 12. Qd3 Nd6 13. Bb3 Be7 14. Ne5 Nd7 15.
Qe2 O-O 16. O-O-O Nf5 17. g4 Nd6 18. Rdf1 Nb5 19. c3 Nxe5 20. dxe5 Bg5 21. Bxg5
Qxg5+ 22. Kb1 Qf4 23. Rh3 Rfd8 24. Rd3 Nc7 25. Rfd1 Qg5 26. f4 Qe7 27. Qe4 Nd5
28. Bc2 f5 29. gxf5 exf5 30. Qxf5 Rf8 31. Qg6 Nxf4 32. Qe4 Nxd3 33. Bxd3 g5 34.
hxg6 Qg5 35. Qh1 Rae8 36. Rg1 Qf4 37. g7 Rf5 38. Rf1 Qg5 39. Rxf5 Qxg7 40. Bc4+
Kh8 41. Rh5 Qg6+ 42. Kc1 Kg7 43. e6 b5 44. Bb3 a5 45. a3 a4 46. Ba2 1-0

[Event "AUTO-MASTER-1359"]
[Site "http://www.queenalice.com/game.php?id=908114"]
[Date "2011.3.3"]
[Round "1"]
[White "Raimundo"]
[Black "Artking"]
[Result "1-0"]
[WhiteElo "2136"]
[BlackElo "1881"]

1. d4 Nf6 2. c4 c5 3. d5 b5 4. b3 g6 5. Nc3 bxc4 6. bxc4 Bg7 7. Rb1 d6 8. e4 Qa5
9. Qb3 Nxe4 10. Ne2 Bxc3+ 11. Nxc3 Qxc3+ 12. Qxc3 Nxc3 13. Rb3 Ne4 14. Bb2 O-O
15. Bd3 Nf6 16. Bxf6 exf6 17. O-O Nd7 18. f4 f5 19. Re1 Nf6 20. Reb1 Ba6 21. g3
Ng4 22. Re1 Rae8 23. Rc1 Re3 24. Kg2 Rfe8 25. h3 Nf6 26. Bf1 Rxb3 27. axb3 Bb7
28. Ra1 a6 29. Kh2 Re3 30. Rb1 Ne4 31. g4 fxg4 32. hxg4 Nd2 33. Rd1 Nxf1+ 34.
Rxf1 Rxb3 35. Rc1 Bc8 36. g5 Bf5 37. Ra1 Rf3 38. Rxa6 Rxf4 39. Rxd6 Rxc4 40. Rc6
Rc1 41. d6 c4 42. Rc7 Kf8 43. d7 Ke7 44. d8=Q+ 1-0

[Event "AUTO-MASTER-1359"]
[Site "http://www.queenalice.com/game.php?id=908121"]
[Date "2011.3.3"]
[Round "1"]
[White "Raimundo"]
[Black "Neimar_Dantas"]
[Result "0-1"]
[WhiteElo "2149"]
[BlackElo "2093"]

1. d4 d5 2. c4 c6 3. e3 Nf6 4. Nc3 e6 5. Nf3 Nbd7 6. Be2 dxc4 7. Bxc4 Bd6 8. O-O
O-O 9. Re1 Qc7 10. g3 e5 11. dxe5 Nxe5 12. Nxe5 Bxe5 13. Qd3 b5 14. Bb3 Bb7 15.
Ne4 Nxe4 16. Qxe4 c5 17. Qf5 c4 18. Bc2 g6 19. Qg4 f5 20. Qe2 Rae8 21. Rb1 Qc6
22. e4 Bg7 23. f3 fxe4 24. Bxe4 Qc5+ 25. Qf2 Qxf2+ 26. Kxf2 Bxe4 27. Rxe4 Rxe4
28. Bf4 Bd4+ 29. Kf1 Re6 30. Rd1 Bxb2 31. Rd7 a6 32. Rc7 Be5 33. Bxe5 Rxe5 34.
Kf2 Rd5 0-1

[Event "AUTO-MASTER-1359"]
[Site "http://www.queenalice.com/game.php?id=908122"]
[Date "2011.3.3"]
[Round "1"]
[White "Neimar_Dantas"]
[Black "Raimundo"]
[Result "1-0"]
[WhiteElo "2111"]
[BlackElo "2119"]

1. d4 c6 2. Nf3 d5 3. e3 h6 4. Be2 Bf5 5. b3 Nf6 6. Bb2 e6 7. O-O Be7 8. Nbd2
O-O 9. c4 a6 10. Ne5 Nbd7 11. Re1 Nxe5 12. dxe5 Nd7 13. Nf3 Nb6 14. Nd4 Bh7 15.
Bd3 Bxd3 16. Qxd3 dxc4 17. Qe2 cxb3 18. Nxb3 Nd5 19. Rad1 Qb8 20. Qh5 Bb4 21.
Rf1 Bc3 22. Ba3 Bb4 23. Rxd5 cxd5 24. Bxb4 Re8 25. Bd6 Qd8 26. Nd4 Qa5 27. a3
Qd2 28. Rd1 Qb2 29. h3 Rac8 30. g4 Rc1 31. Rxc1 Qxc1+ 32. Kg2 Qb1 33. g5 Qg6 34.
Qxg6 fxg6 35. gxh6 gxh6 36. Kf3 Kf7 37. Ke2 h5 38. Kd2 Rc8 39. Nf3 Kg7 40. Ng5
Re8 41. Kc3 Kh6 42. h4 b6 43. Kb4 Kg7 44. a4 Kg8 45. a5 b5 46. Kc5 Rc8+ 47. Kb6
b4 48. Kxa6 b3 49. Ba3 Rc2 50. Nxe6 Rxf2 51. Nd4 1-0

[Event "AUTO-MASTER-1318"]
[Site "http://www.queenalice.com/game.php?id=927187"]
[Date "2011.4.18"]
[Round "2"]
[White "crashdummy"]
[Black "Raimundo"]
[Result "1-0"]
[WhiteElo "2292"]
[BlackElo "2087"]

1. e4 c6 2. d4 d5 3. exd5 cxd5 4. c4 dxc4 5. Bxc4 e6 6. Nf3 Nf6 7. O-O Be7 8.
Qe2 O-O 9. Nc3 Nbd7 10. h3 Bb4 11. a3 Ba5 12. Bf4 a6 13. Rac1 b5 14. Bd3 Bb7 15.
b4 Bc7 16. Bxc7 Qxc7 17. Nxb5 axb5 18. Rxc7 Ba6 19. Bxb5 Bxb5 20. Qxb5 Rxa3 21.
Rxd7 Nxd7 22. Qxd7 Raa8 23. Ne5 Rad8 24. Qa7 f6 25. Nc6 Ra8 26. Qd7 g5 27. Qxe6+
Kg7 28. Re1 Rf7 29. d5 Rc8 30. Qxc8 1-0

[Event "AUTO-MASTER-1318"]
[Site "http://www.queenalice.com/game.php?id=927188"]
[Date "2011.4.18"]
[Round "2"]
[White "Raimundo"]
[Black "crashdummy"]
[Result "0-1"]
[WhiteElo "2079"]
[BlackElo "2298"]

1. d4 d5 2. c4 e6 3. Bf4 Nf6 4. e3 Bd6 5. Bxd6 Qxd6 6. Nc3 O-O 7. Nf3 b6 8. Bd3
Bb7 9. O-O dxc4 10. Bxc4 Nbd7 11. Nd2 c5 12. dxc5 Qxc5 13. Rc1 Rac8 14. Qe2 Qg5
15. g3 Rfd8 16. Ba6 Bxa6 17. Qxa6 Ra8 18. Nde4 Nxe4 19. Nxe4 Qg6 20. Nd6 Nc5 21.
Rxc5 bxc5 22. Qb7 e5 23. Nc4 Qe6 24. Rc1 h5 25. Qe4 Rd5 26. f4 Rad8 27. fxe5
Rd1+ 28. Rxd1 Rxd1+ 29. Kf2 Qh3 0-1

[Event "AUTO-MASTER-1318"]
[Site "http://www.queenalice.com/game.php?id=927189"]
[Date "2011.4.18"]
[Round "2"]
[White "tupi_guarani"]
[Black "Raimundo"]
[Result "1-0"]
[WhiteElo "2490"]
[BlackElo "2121"]

1. d4 d5 2. Nf3 c6 3. Nc3 Bf5 4. Nh4 Bd7 5. g3 e6 6. e4 Bb4 7. Bg2 dxe4 8. Bxe4
Nf6 9. Bg2 O-O 10. O-O Nd5 11. Bd2 Nxc3 12. bxc3 Be7 13. Qg4 g6 14. Rfe1 1-0

[Event "AUTO-MASTER-1318"]
[Site "http://www.queenalice.com/game.php?id=927190"]
[Date "2011.4.18"]
[Round "2"]
[White "Raimundo"]
[Black "tupi_guarani"]
[Result "0-1"]
[WhiteElo "2120"]
[BlackElo "2491"]

1. d4 d5 2. c4 Nf6 3. Bf4 dxc4 4. e3 Nc6 5. Bxc4 e5 6. Bxe5 Nxe5 7. dxe5 Qxd1+
8. Kxd1 Ng4 9. Ke2 Nxe5 10. Bb3 b6 11. Nc3 Ba6+ 12. Ke1 Nd3+ 13. Ke2 O-O-O 0-1

[Event "AUTO-MASTER-1280"]
[Site "http://www.queenalice.com/game.php?id=930046"]
[Date "2011.4.25"]
[Round "2"]
[White "Raimundo"]
[Black "yamato"]
[Result "0-1"]
[WhiteElo "2106"]
[BlackElo "2235"]

1. d4 Nf6 2. c4 d6 3. Bf4 g6 4. e3 Bg7 5. Ne2 O-O 6. Nbc3 Nbd7 7. Qd3 e5 8. Bg5
h6 9. Bh4 Re8 10. O-O-O c6 11. Ne4 g5 12. Bg3 Nxe4 13. Qxe4 Nf6 14. Qd3 e4 15.
Qa3 Bf8 16. Qc3 Nh5 17. Qc2 Bg7 18. Nc3 f5 19. h3 Nxg3 20. fxg3 a6 21. h4 b5 22.
cxb5 axb5 0-1

[Event "AUTO-MASTER-1280"]
[Site "http://www.queenalice.com/game.php?id=930047"]
[Date "2011.4.25"]
[Round "2"]
[White "yamato"]
[Black "Raimundo"]
[Result "1-0"]
[WhiteElo "2243"]
[BlackElo "2097"]

1. Nf3 d5 2. c4 dxc4 3. Qa4+ c6 4. Qxc4 Nf6 5. g3 e6 6. Bg2 Be7 7. O-O O-O 8. b3
Nd5 9. Bb2 Bf6 10. d4 Be7 11. e4 Nb6 12. Qc2 Bf6 13. Nbd2 N8d7 14. Rad1 Qe7 15.
e5 Bg5 16. Ne4 Bh6 17. Rfe1 Nd5 18. a3 a5 19. h4 g6 20. Bc1 Bxc1 21. Qxc1 a4 22.
b4 b5 23. Qxc6 1-0